Сборник задач по теории вероятностей, математической статистике и теории случайных функций: учебное пособие
| Інші автори: | |
|---|---|
| Резюме: | Сборник охватывает все основные разделы теории вероятностей, встречающиеся при решении практических вопросов, связанных с автоматическим управлением, обработкой опытных данных, установлением их точности и т. д. Задачи снабжены ответами, а в отдельных случаях указаниями к решению. В конце задачника приложены краткие таблицы для вероятностных расчетов, необходимые при решении ряда задач. Учебное пособие предназначено для студентов, специализирующихся в области прикладной математики, а также экономики, финансов, информационной безопасности, математической экономики, кибернетики и т. д. |
| Мова: | Російська |
| Опубліковано: |
СПб., Лань, 2007
|
| Редагування: | 3-е изд., перераб. |
| Серія: | Классические задачники и практикумы Лучшие классические учебники. Математика Учебники для вузов. Специальная литература |
| Предмети: | |
| Формат: | Книга |
| KOHA link: | https://koha.lib.tpu.ru/cgi-bin/koha/opac-detail.pl?biblionumber=105672 |
MARC
| LEADER | 00000nam0a2200000 4500 | ||
|---|---|---|---|
| 001 | 105672 | ||
| 005 | 20231031114539.0 | ||
| 010 | |a 9785811407088 | ||
| 035 | |a (RuTPU)RU\TPU\book\114024 | ||
| 090 | |a 105672 | ||
| 100 | |a 20061120d2007 m y0rusy50 ca | ||
| 101 | 0 | |a rus | |
| 102 | |a RU | ||
| 105 | |a a j 001zy | ||
| 200 | 1 | |a Сборник задач по теории вероятностей, математической статистике и теории случайных функций |e учебное пособие |f под ред. А. А. Свешникова | |
| 205 | |a 3-е изд., перераб. | ||
| 210 | |a СПб. |c Лань |d 2007 | ||
| 215 | |a 448 с. |c ил. | ||
| 225 | 1 | |a Классические задачники и практикумы | |
| 225 | 1 | |a Лучшие классические учебники. Математика | |
| 225 | 1 | |a Учебники для вузов. Специальная литература | |
| 320 | |a Библиогр.: с. 350-356. | ||
| 330 | |a Сборник охватывает все основные разделы теории вероятностей, встречающиеся при решении практических вопросов, связанных с автоматическим управлением, обработкой опытных данных, установлением их точности и т. д. Задачи снабжены ответами, а в отдельных случаях указаниями к решению. В конце задачника приложены краткие таблицы для вероятностных расчетов, необходимые при решении ряда задач. Учебное пособие предназначено для студентов, специализирующихся в области прикладной математики, а также экономики, финансов, информационной безопасности, математической экономики, кибернетики и т. д. | ||
| 451 | 1 | |0 (RuTPU)RU\TPU\book\179462 |y 978-5-8114-0708-8 |t Сборник задач по теории вероятностей, математической статистике и теории случайных функций |o учебное пособие |f под ред. А. А. Свешникова |e 3-е изд., перераб. |c СПб. |n Лань |d 2008 |p 448 с. | |
| 451 | 1 | |0 (RuTPU)RU\TPU\book\35308 |t Сборник задач по теории вероятностей, математической статистике и теории случайных функций |o учебное пособие |f Под ред. А.А.Свешникова |e 2-е изд., доп. |c М. |n Наука |d 1970 |p 656 с. |s Учебники для вузов. Специальная литература | |
| 610 | 1 | |a теория вероятностей | |
| 610 | 1 | |a математическая статистика | |
| 610 | 1 | |a случайные функции | |
| 610 | 1 | |a случайные события | |
| 610 | 1 | |a случайные величины | |
| 610 | 1 | |a моменты | |
| 610 | 1 | |a законы распределения | |
| 610 | 1 | |a предельные теоремы | |
| 610 | 1 | |a марковские процессы | |
| 610 | 1 | |a учебные пособия | |
| 610 | 1 | |a задачи | |
| 675 | |a 519.2(076) |v 3 | ||
| 702 | 1 | |a Свешников |b А. А. |g Арам Арутюнович |4 340 | |
| 801 | 1 | |a RU |b 63413507 |c 20061120 |g PSBO | |
| 801 | 2 | |a RU |b 63413507 |c 20211018 |g PSBO | |
| 942 | |c BK | ||
| 959 | |a 96/20061120 |d 2 |e 0 |f АНЛ:1 |f ЧЗТЛ:1 | ||